=LDR 00000nam 2200000 4500 =001 INLIS000000000809770 =008 ###################################ind## =035 ##$$a 0010-0825000263 =245 ##$$a Peningkatan Dan Pengayaan Matematika 1 / $c Prof Wahyudin =260 ##$$b Ipa Abong =020 ##$$a 9789793077192 =084 ##$$a 516.2 DIN p =520 ##$$a MATEMATIKA =082 ##$$a 516.2